Teória didaktiky telesnej výchovy oslabených

Enregistré dans:
Détails bibliographiques
Format: Livre
Langue:slovaque
Publié: Bratislava : Slovenské pedagogické nakladateľstvo, 1985
Sujets:
Tags: Ajouter un tag
Pas de tags, Soyez le premier à ajouter un tag!

MARC

LEADER 00000nam a22000003a 4500
001 stu43195
005 20150408175847.0
008 940722s1985----cs------------------slo-d
040 |a STU  |b slo 
041 0 |a slo 
044 |a cs 
080 |a 796.01(075.8) 
245 |a Teória didaktiky telesnej výchovy oslabených 
260 |a Bratislava :  |b Slovenské pedagogické nakladateľstvo,  |c 1985 
300 |a 182 s 
650 7 |a Výchova telesná oslabených  |2 stusub 
996 |b 284M035267  |c M*2856-1  |l MMKN  |s A  |a 24  |w stu43195_0001